Quiz Ekstraklasa - Statystyki

Ogólne statystyki
  • Ten quiz został rozwiązany 42 razy
  • Średni wynik to 16 z 25
Statystyki odpowiedzi
Hint Odpowiedź % Poprawnych
jaki przydomek ma legia warszawa Wojskowi | wojskowi
89%
Jaki klub jest z Niecieczy Brukbet termalica nieciecza | Brukbet Termalica | Termalica | termalica
80%
Jakie miasto ma najwięcej klubów które kiedykolwiek zdobyły mistrzostwo Polski Kraków | Krakow | kraków | krakow
80%
Jaki klub grał kiedyś w 1 lidze (ekstraklasie) który obecnie nie jest na terenach Polski Pogoń Lwów | pogon lwow | Pogon Lwow
80%
Jaką firmą samochodową jest nazwany stadion Korony Kielce Suzuki | suzuki
77%
Jak nazywał się piłkarz który strzelił najwięcej goli w jednym sezonie Ernest Pohl | Ernest Pol | Pol | ernest pohl | pol | Pohl | pohl
74%
Jaką maskotkę ma Motor Lublin Koziołek | Zygmunt | Zygmunt
74%
Jaki klub miał w sezonie 2025-26 -5 punktów na start Lechia Gdańsk | Lechia Gdansk | lechia gdańsk | lechia gdansk
74%
O co walczą kluby oprócz ekstraklasy Puchar Polski | puchar polski
74%
W którym roku Arka Gdynia zdobyła Puchar Polski 2017
71%
ile razy Zagłebie Lubin zdobylo mistrzostwo Polski 2
71%
Jaki klub ma pustą gablote Pogoń Szczecin | pogoń szczecin | Pogon Szczecin
71%
Jakim kolorem, poza czarnym i zielonym jest rozpoznawalny GKS Katowice Żółty | żółty | zolty
71%
Który klub zdobył mistrzostwo Polski w sezonie 2018-19 Piast Gliwice | Piast | piast
69%
Ile razy Widzew Łódź wygrał ekstraklase 4
66%
Z jakiego Polskiego klubu znany jest Zbigniew Boniek Widzew Łódź | widzew lodz | Widzew Lodz
63%
Ile razy Lech Poznań (Amica Wronki) zdobył mistrzostw Polski 9
60%
derby jakich miast były w ekstraklasie w sezonie 2024-25 (MIAST) Derby Łodzi | Łodzi

60%
W którym roku powstał Radomiak Radom 1910
54%
Jakie są klubowe barwy Jagi Czerwono-żółte | czerwony i żółty | czerwono-zolte | czerwony i zolty
54%
Jaki klub kryje się pod przydomkiem Nafciarze Wisła Płock | wisła płock | Wisla Plock | wisla plock
54%
Jaki jest najstarszy klub w Polsce Cracovia | cracovia
51%
w którym roku powstala ekstraklasa 1926
40%
Który klub został najwięcej razy z rzędu mistrzem polski Górnik Zabrze | Górnik | górnik
31%
Który (aktualnie) Polski klub zdobył mistrzostwo jako pierwszy Wisła Kraków | Wisla Krakow
20%
Nie znaleziono quizów pasujących do podanych kryteriów
Rozkład punktacji
Procent ludzi z każdym wynikiem
Percentyl według liczby udzielonych odpowiedzi
Twoja historia wyników
Nie rozwiązałeś tego quizu